000
00364nam a2200157Ia 4500
008
240830s1925 xx 000 0 und d
041
_a
san
082
_a
1
100
_a
JAVAJI P
245
_a
ATH DHATHURUPAVALI PRARANBH
250
_a
1
260
_a
SANGAI
_b
N.D.
_c
1925
300
_a
100p
906
_a
ATH DHATHURUPAVALI PRARANBH
999
_c
1183960
_d
1183960